000 00580nam a22002057a 4500
999 _c18783
_d18783
003 AR-CdUCM
008 190515b ||||| |||| 00| 0 spa d
040 _aMUNICIPALIDAD PROVINCIAL DEL CUSCO
_cBIBLIOTECA MUNICIPAL DEL CUSCO
082 _a869.2 /
_bAL35
100 _aAlarco, Eugenio
_912314
245 _aLa magia de los mundos /
260 _aBuenos Aires :
_c1952.
300 _a236 paginas ;
_c21 cm.
500 _aNovela e historia
650 _aNovela
_95
650 _aHistoria
_9136
650 _aLiteratura
_983
942 _2ddc
_cLIBROS
945 _apjha
_d2019-05-15